Как найти и защитить свое изобретение: справочное пособие

Dades bibliogràfiques
Autor principal: Шаршунов В. А. Вячеслав Алексеевич
Sumari:Изложены вопросы технологии инженерного изобретательского творчества, проанализированы методы обучения новаторскому труду, даны методические рекомендации по использованию этих методов при решении практических вопросов. Приведена история формирования государственных систем защиты объектов интеллектуальной защиты в западноевропейских странах, Российской империи, Советском Союзе и Республике Беларусь. Приведены правила подготовки документов для подачи заявки для получения патента на изобретение или полезную модель, свидетельства на промышленный образец или товарный знак и другие охранные документы объектов интеллектуальной собственности.
Idioma:rus
Publicat: Минск, Мисанта, 2009
Matèries:
Format: MixedMaterials Llibre
KOHA link:https://koha.lib.tpu.ru/cgi-bin/koha/opac-detail.pl?biblionumber=190250

MARC

LEADER 00000nam0a2200000 4500
001 190250
005 20231101224255.0
010 |a 9788456719649 
035 |a (RuTPU)RU\TPU\book\207193 
090 |a 190250 
100 |a 20110119d2009 km y0rusy50 ca 
101 0 |a rus 
102 |a BY 
105 |a y g 001zy 
200 1 |a Как найти и защитить свое изобретение  |e справочное пособие  |f В. А. Шаршунов 
210 |a Минск  |c Мисанта  |d 2009 
215 |a 335 с. 
320 |a Библиогр.: с. 324-335. 
330 |a Изложены вопросы технологии инженерного изобретательского творчества, проанализированы методы обучения новаторскому труду, даны методические рекомендации по использованию этих методов при решении практических вопросов. Приведена история формирования государственных систем защиты объектов интеллектуальной защиты в западноевропейских странах, Российской империи, Советском Союзе и Республике Беларусь. Приведены правила подготовки документов для подачи заявки для получения патента на изобретение или полезную модель, свидетельства на промышленный образец или товарный знак и другие охранные документы объектов интеллектуальной собственности. 
606 1 |a Изобретения  |2 stltpush  |3 (RuTPU)RU\TPU\subj\12304  |9 39115 
610 1 |a изобретательская деятельность 
610 1 |a изобретательство 
610 1 |a инновационная деятельность 
610 1 |a инженерное творчество 
610 1 |a методика 
610 1 |a государственная защита 
610 1 |a правовая охрана 
610 1 |a полезные модели 
610 1 |a промышленные образцы 
610 1 |a патентный поиск 
610 1 |a справочные пособия 
675 |a 608(035)  |v 3 
700 1 |a Шаршунов  |b В. А.  |g Вячеслав Алексеевич 
801 1 |a RU  |b 63413507  |c 20110119 
801 2 |a RU  |b 63413507  |c 20110812  |g RCR 
942 |c BK 
959 |a 5/20110118  |d 1  |e 442,20  |f ЧЗСБИ:1